000 01412nam a2200313 a 4500
001 000015796
003 DO-SdBNP
005 20240229073827.0
008 100218s1984 dr 000 0 spa d
040 _aDO-SdBNP
_bspa
_cBNPHU
082 4 _a342.729302
_bG993c
_222
100 1 _aAmaro Guzmán, Raymundo
_9656
245 1 0 _aConstitución y administración del Estado /
_cRaymundo Amaro Guzmán ; prólogo Manuel de Jesús Goico Castro.
260 _aSanto Domingo :
_bONAP,
_c1984.
300 _a39 p. ;
_c21 cm.
490 1 _aSeminarios
_v9
500 _aConferencia pronunciada con motivo de conmemorarse el 139º Aniversario de la Constitución de la República, el día 6 de noviembre de 1983, en la ciudad de San Cristóbal, República Dominicana.
504 _aBibliografía: p. 35-37.
590 _aInventariado, 2018/ YL
650 4 _aAdministración pública
_zRepública Dominicana
_vEnsayos, conferencias, etc.
_935553
650 4 _aEstado
_zRepública Dominicana
_vEnsayos, conferencias, etc.
_935554
651 4 _aRepública Dominicana
_xConstitución (1844)
_935555
651 4 _aRepública Dominicana
_xDerecho constitucional
_99303
700 1 _aGoico Castro, Manuel de Jesús,
_epról.
_923255
710 1 _aRepública Dominicana
_bOficina Nacional de Administración Pública
_935310
830 0 _aSeminarios
_v9
_99809
910 _aValidado. Control de calidad EMS
942 _2ddc
_cLBS1
999 _c15342
_d15342